| 000 | 00635nam a2200205 i 4500 | ||
|---|---|---|---|
| 001 | 136347 | ||
| 003 | ES-MaACL | ||
| 005 | 20230906195110.0 | ||
| 007 | t| | ||
| 008 | 070214s1968 sp r ||||1| spa d | ||
| 245 | 0 | 3 |
_aEl sacerdote y las vocaciones religiosas femeninas / _ctraducción de Ricardo Sanchis. |
| 260 |
_aMadrid : _bRazón y Fé, _c1968. |
||
| 300 |
_a262 p. ; _c17 cm. |
||
| 490 | 1 | _aBiblioteca de Espiritualidad | |
| 650 | 0 | 4 |
_aVocación religiosa. _917844 |
| 700 | 0 |
_aSanchís, Ricardo. _9103007 |
|
| 830 | 0 |
_aBiblioteca de Espiritualidad _9181642 |
|
| 852 |
_aES-MaACL _jC-36847 _bR.67646 |
||
| 999 |
_c136347 _d136347 |
||